[Estado sagrado chronologico, genealógico, y universal del mundo (Record no. 8592)

MARC details
000 -CABECERA
campo de control de longitud fija 01146nam a2200217 a 4500
001 - NÚMERO DE CONTROL
campo de control BRCA_8941
005 - FECHA Y HORA DE LA ÚLTIMA TRANSACCIÓN
campo de control 20190320210451.0
008 - DATOS DE LONGITUD FIJA--INFORMACIÓN GENERAL
campo de control de longitud fija 300617s--------sp-#######---#000-0#spa-#
041 ## - CÓDIGO DE LENGUA
Código de lengua del texto/banda sonora o título independiente spa
044 ## - CÓDIGO DEL PAÍS DE LA ENTIDAD EDITORA/PRODUCTORA
Código MARC del país sp
084 ## - OTRO NÚMERO DE CLASIFICACIÓN
Número de clasificación LE34
Número de documento/Ítem .C84
100 1# - ENTRADA PRINCIPAL--NOMBRE DE PERSONA
Nombre de persona [Cuesta, Leonardo Antonio de la]
9 (RLIN) 22048
245 10 - MENCIÓN DE TÍTULO
Título [Estado sagrado chronologico, genealógico, y universal del mundo
Resto del título desde su creación, hasta los presentes siglos, en que se dará noticia de los Patriarcados, Profetas, Pontífices, Emperadores, Reyes, Escritores, y otras personas, Ilustres, con los Concilios, Cismas, Anti-Papas, y varios acaecimientos curiosos en que pueda divertirse todo genero de personas: tomo X
Mención de responsabilidad, etc. su autor D. Leonardo Antonio de la Cuesta, rediente en esta Corte.]
300 ## - DESCRIPCIÓN FÍSICA
Extensión [5], 411 p. (t.10)
Dimensiones 15.8 x 10.8 cm
500 ## - NOTA GENERAL
Nota general Estado físico: presenta encuadernación en pergamino con lomo semi desprendido y presencia del pez de plata
500 ## - NOTA GENERAL
Nota general Sin portada
650 14 - PUNTO DE ACCESO ADICIONAL DE MATERIA--TÉRMINO DE MATERIA
Término de materia o nombre geográfico como elemento de entrada Biblia
Subdivisión general Historia de los acontecimientos bíblicos
Subdivisión cronológica Obras anteriores a 1800
9 (RLIN) 22222
650 14 - PUNTO DE ACCESO ADICIONAL DE MATERIA--TÉRMINO DE MATERIA
Término de materia o nombre geográfico como elemento de entrada Historia universal
Subdivisión cronológica Obras anteriores a 1800
9 (RLIN) 22223
902 ## - CATALOGADOR
Iniciales CFM
942 ## - ELEMENTOS DE PUNTO DE ACCESO ADICIONAL (KOHA)
Fuente del sistema de clasificación o colocación Library of Congress Classification
Tipo de ítem Koha Libros
Holdings
Estado de retiro Estado de pérdida Estado dañado No para préstamo Localización permanente Ubicación/localización actual Fecha de adquisición Total de préstamos Signatura topográfica completa Código de barras Fecha visto por última vez Precio válido a partir de Tipo de ítem Koha
El ejemplar forma parte de la colección y puede ser consultado según las políticas vigentes.       Biblioteca del Museo Franz Mayer (Rogerio Casas-Alatriste) Biblioteca del Museo Franz Mayer (Rogerio Casas-Alatriste) 30/06/2017   LE34 .C84 CFM00264 22/03/2019 22/03/2019 Libros